|
|
|
|
| LEADER |
00000nab a2200000 a 4500 |
| 001 |
vtls000271707 |
| 003 |
SK-MaSNL |
| 005 |
20260426103826.0 |
| 008 |
160204c1984 xo 0 slo |
| 015 |
|
|
|a SNBRA19rr/mm-uuuuu
|
| 035 |
|
|
|a CL0281821
|
| 040 |
|
|
|a SNKBUCL
|b slo
|c SNKBUCL
|e AACR2
|
| 041 |
0 |
|
|a slo
|
| 044 |
|
|
|a xo
|c SK
|
| 080 |
|
|
|a 378(437.6)
|2 1981
|
| 100 |
1 |
|
|a Otčenáš, Michal,
|d 1956-2009
|4 aut
|9 102870
|
| 245 |
1 |
0 |
|a K rozvoju vysokého školstva na východnom Slovensku
|c Michal Otčenáš
|
| 300 |
|
|
|b Lit. 6 zázn. v slov., češ.
|
| 650 |
0 |
7 |
|a vysoké školy
|2 snkbucl
|9 1277
|
| 651 |
|
7 |
|a Slovensko východné
|2 snkbucl
|9 161134
|
| 655 |
|
7 |
|a články zo zborníkov
|2 snkbucl
|9 166140
|
| 773 |
0 |
|
|t Generálna línia budovania základov socializmu a jej realizácia
|d Košice : Spoločensko vedný ústav SAV, 1984
|
| 850 |
|
|
|a Slovenská národná knižnica v Martine
|a MTA001
|
| 852 |
|
|
|a SNK
|b KIS3GCP
|
| 958 |
|
|
|a NB
|
| 958 |
|
|
|a RK
|
| 992 |
|
|
|a RZB
|
| 999 |
|
|
|c 3298610
|d 3300540
|